Statistics for Name! The! ANIMAL!!!!

Click here to take the quiz!

General Stats

  • This quiz has been taken 18 times
  • The average score is 13 of 16

Answer Stats

Answer% Correct
Cat
93%
Deer
93%
Dog
93%
Elephant
93%
Fish
93%
Fox
93%
Horse
93%
Jelly fish
93%
Lion
93%
Owl
93%
Tiger
93%
Wolf
93%
Sea turtle/turtle
87%
Goat
60%
Parot
20%
Rabit
20%

Score Distribution

Percentile by Number Answered

Percent of People with Each Score

Your Score History

You have not taken this quiz